Principles and practice of irrigation engineering (Record no. 309)

000 -LEADER
fixed length control field 00328 a2200109 4500
082 ## - DEWEY DECIMAL CLASSIFICATION NUMBER
Classification number 333.91 SHA
100 ## - MAIN ENTRY--PERSONAL NAME
Personal name Sharma, S. K.
245 ## - TITLE STATEMENT
Title Principles and practice of irrigation engineering
Statement of responsibility, etc. S. K. Sharma
250 ## - EDITION STATEMENT
Edition statement 1st ed.
260 ## - PUBLICATION, DISTRIBUTION, ETC.
Place of publication, distribution, etc. New Delhi :
Name of publisher, distributor, etc. S. Chand and Company Ltd,
Date of publication, distribution, etc. 1987
300 ## - PHYSICAL DESCRIPTION
Extent 603p. :
Other physical details ill ., ;
Dimensions 21 cm
650 ## - SUBJECT ADDED ENTRY--TOPICAL TERM
Topical term or geographic name entry element Irrigation Engineering
Holdings
Withdrawn status Lost status Damaged status Not for loan Permanent Location Current Location Shelving location Date acquired Total Checkouts Full call number Barcode Date last seen Date last checked out Price effective from Koha item type
        School of Civil and Environmental Engineering (SCEE) School of Civil and Environmental Engineering (SCEE)     1 333.91 SHA NIT-4733 10/23/2025 10/01/2019 01/05/2017 Book
© 2023 Central Library, National University of Sciences and Technology. All Rights Reserved.